Na scénach BHS

Bibliographic Details
Main Author: Vajda, Igor, 1935-2001 (Author)
Format: Article
Language:Slovak
Subjects:

MARC

LEADER 00000nab a2200000 a 4500
001 vtls000015319
003 SK-MaSNL
005 20260426075450.0
008 250422c1978 xo 0 slo
015 |a SNBRB19rr/mm-uuuuu 
035 |a CL0025413 
035 |a urn:nbn:sk:snk-abdjq8 
035 |a (urnnbn)urn:nbn:sk:snk:ar-0014p4 
035 |a (uuid)e04fb214-f855-41f9-9ae1-5dbc1aa974c7 
040 |a SNKBUCL  |b slo  |c SNKBUCL  |e AACR2 
041 0 |a slo 
044 |a xo  |c SK 
080 |a 792.5  |2 1981 
100 |a Vajda, Igor,  |d 1935-2001  |4 aut  |9 461792 
245 1 0 |a Na scénach BHS  |c Igor Vajda 
611 2 7 |a Bratislavské hudobné slávnosti  |n (14. :  |d 1978 :  |c Bratislava, Slovensko)  |2 snkbucl 
651 7 |a Bratislava (Slovensko)  |2 snkbucl  |9 14568 
655 7 |a články z novín a časopisov  |2 snkbucl  |9 267496 
773 0 |t Film a divadlo  |g Roč. 22, č. 25 (1978), s. 26-27 
850 |a Slovenská národná knižnica 
852 |a Slovenská národná knižnica 
954 |a odborná, vedecká literatúra pôvodná (slovenská)  |2 lita 
958 |a article19 
958 |a OND 
958 |a EUIPO 
992 |a RBX 
999 |c 2774162  |d 2776092